Gyermektanulmányozás és igazságszolgáltatás
Elmentve itt :
| Dokumentumtípus: | Cikk |
|---|---|
| Megjelent: |
1916-03-21
|
| Sorozat: | Délmagyarország
5 No. 68 |
| Kulcsszavak: | Gyermeknevelés Szeged 1916 |
| Online Access: | http://dmarchiv.bibl.u-szeged.hu/57798 |
| LEADER | 00430nab a2200145 i 4500 | ||
|---|---|---|---|
| 001 | delm57798 | ||
| 005 | 20180927144628.0 | ||
| 008 | 180927s1916 hu o 0|| hun d | ||
| 040 | |a SZTE Délmagyarország Archívum |b hun | ||
| 041 | |a hun | ||
| 245 | 0 | 0 | |a Gyermektanulmányozás és igazságszolgáltatás |h [elektronikus dokumentum] |
| 260 | |c 1916-03-21 | ||
| 300 | |a 5 | ||
| 490 | 0 | |a Délmagyarország |v 5 No. 68 | |
| 695 | |a Gyermeknevelés Szeged 1916 | ||